Statistics for The most expensive 10 auctioned cars.

Click here to take the quiz!

General Stats

  • This quiz has been taken 33 times
  • The average score is 3 of 10

Answer Stats

Production YearCar BrandCar ModelSelling price (US$)% Correct
1961Ferrari250 GT SWB Spyder10 900 000
84%
1962Ferrari250 GTO6 200 000
64%
1965ShelbyDaytona Cobra Coupe7 250 000
60%
1957Ferrari250 Testa Rossa12 200 000
32%
1962Ferrari330 TRI/LM Testa Rossa9 200 000
20%
1931BugattiRoyale Berline de Voyager6 500 000
16%
1937Mercedes-Benz540K Special Roadster8 200 000
12%
???Rolls-Royce10hp Two-Seater7 250 000
8%
1931BugattiRoyale Kellner Coupe9 700 000
8%
1929Mercedes-Benz38/250 SSK7 400 000
4%

Score Distribution

Percentile by Number Answered

Percent of People with Each Score

Your Score History

You have not taken this quiz